The Knowledge and Use of the Balanced Scorecard Method in Businesses in the Slovak Republic

Podstata metódy BSC Balanced Scorecard Method. Hlavné výhody spojené s implementáciou Balanced Scorecard do strategického riadenia podnikov. Výsledky empirického výskumu na základe dotazníkového prieskumu.

Saved in:
Bibliographic Details
Main Author: Lesáková, Ľubica
Other Authors: Dubcová, Katarína, Gundová, Petra
Format: Book Chapter
Language:English
Subjects:
Tags: Add Tag
No Tags, Be the first to tag this record!

MARC

LEADER 00000naa a2200000 4500
001 0242503
005 20220719115535.8
041 0 |a eng 
044 |a CZ 
245 1 0 |a The Knowledge and Use of the Balanced Scorecard Method in Businesses in the Slovak Republic  |c Ľubica Lesáková, Katarína Dubcová, Petra Gundová 
520 |a Podstata metódy BSC Balanced Scorecard Method. Hlavné výhody spojené s implementáciou Balanced Scorecard do strategického riadenia podnikov. Výsledky empirického výskumu na základe dotazníkového prieskumu. 
610 2 0 |a riadenie strategické 
610 2 0 |a riadenie výkonov 
610 2 0 |a metóda BSC 
610 2 0 |a metódy riadenia 
610 2 0 |a prieskum 
610 2 0 |a dotazníky 
610 2 0 |a Slovensko 
100 1 |a Lesáková, Ľubica 
700 1 |a Dubcová, Katarína 
700 1 |a Gundová, Petra